“Our Tongue-Cut God, Respond to Us”: Prayer of Righteous Anger and Communal Lament as Theology of the Oppressed
This article offers a theological reflection on prayer of anger and lament as a formative source for the oppressed in constructing and embodying their own theology. For this purpose, particular attention is paid to Kim Heunggyum’s scandalous prayer-song “The Father of Minjung,” which was widely sung...
| Main Author: | |
|---|---|
| Format: | Electronic Article |
| Language: | English |
| Check availability: | HBZ Gateway |
| Interlibrary Loan: | Interlibrary Loan for the Fachinformationsdienste (Specialized Information Services in Germany) |
| Published: |
2021
|
| In: |
Theology today
Year: 2021, Volume: 78, Issue: 1, Pages: 29-42 |
| IxTheo Classification: | CB Christian life; spirituality CG Christianity and Politics KAJ Church history 1914-; recent history KBM Asia |
| Further subjects: | B
Anger
B Political Resistance B incarnational theology B the oppressed B Critical Theology B Lament B tongue-cut God B Minjung B Affections B Prayer |
| Online Access: |
Volltext (lizenzpflichtig) |
MARC
| LEADER | 00000caa a22000002c 4500 | ||
|---|---|---|---|
| 001 | 1753528941 | ||
| 003 | DE-627 | ||
| 005 | 20250225100615.0 | ||
| 007 | cr uuu---uuuuu | ||
| 008 | 210409s2021 xx |||||o 00| ||eng c | ||
| 024 | 7 | |a 10.1177/0040573620968098 |2 doi | |
| 035 | |a (DE-627)1753528941 | ||
| 035 | |a (DE-599)KXP1753528941 | ||
| 040 | |a DE-627 |b ger |c DE-627 |e rda | ||
| 041 | |a eng | ||
| 084 | |a 1 |2 ssgn | ||
| 100 | 1 | |a Shin, Wonchul |e VerfasserIn |0 (orcid)0000-0001-9759-2062 |4 aut | |
| 245 | 1 | 0 | |a “Our Tongue-Cut God, Respond to Us”: Prayer of Righteous Anger and Communal Lament as Theology of the Oppressed |
| 264 | 1 | |c 2021 | |
| 336 | |a Text |b txt |2 rdacontent | ||
| 337 | |a Computermedien |b c |2 rdamedia | ||
| 338 | |a Online-Ressource |b cr |2 rdacarrier | ||
| 520 | |a This article offers a theological reflection on prayer of anger and lament as a formative source for the oppressed in constructing and embodying their own theology. For this purpose, particular attention is paid to Kim Heunggyum’s scandalous prayer-song “The Father of Minjung,” which was widely sung by Korean minjung amid their political resistance against the authoritarian regimes in the 1980s. This article historically traces this prayer-song’s original context and developmental stages and analyzes its use of cross-genre that blends the styles and structures of the minjung-gayo and the lament psalms. Theological reflection on this prayer-song focuses on particular religious affections, righteous anger and communal lament, shaped by the Korean minjung’s collective performance to sing this prayer-song as a means of political resistance. By drawing on Audre Lorde, Johann Baptist Metz, and Emmanuel Levinas, this article points out limitations of Barth’s theology of prayer and presents how Kim’s prayer-song that evokes righteous anger and communal lament served as a formative source for the Korean minjung in doing their own critical and incarnational theology. | ||
| 601 | |a Theologe | ||
| 650 | 4 | |a Political Resistance | |
| 650 | 4 | |a incarnational theology | |
| 650 | 4 | |a Critical Theology | |
| 650 | 4 | |a tongue-cut God | |
| 650 | 4 | |a the oppressed | |
| 650 | 4 | |a Minjung | |
| 650 | 4 | |a Affections | |
| 650 | 4 | |a Lament | |
| 650 | 4 | |a Anger | |
| 650 | 4 | |a Prayer | |
| 652 | |a CB:CG:KAJ:KBM | ||
| 773 | 0 | 8 | |i Enthalten in |t Theology today |d London [u.a.] : Sage Publ., 1944 |g 78(2021), 1, Seite 29-42 |h Online-Ressource |w (DE-627)341343897 |w (DE-600)2067097-7 |w (DE-576)325341001 |x 2044-2556 |7 nnas |
| 773 | 1 | 8 | |g volume:78 |g year:2021 |g number:1 |g pages:29-42 |
| 856 | 4 | 0 | |u https://doi.org/10.1177/0040573620968098 |x Resolving-System |z lizenzpflichtig |3 Volltext |7 1 |
| 935 | |a mteo | ||
| 951 | |a AR | ||
| ELC | |a 1 | ||
| ITA | |a 1 |t 1 | ||
| LOK | |0 000 xxxxxcx a22 zn 4500 | ||
| LOK | |0 001 3904153277 | ||
| LOK | |0 003 DE-627 | ||
| LOK | |0 004 1753528941 | ||
| LOK | |0 005 20220106161744 | ||
| LOK | |0 008 210409||||||||||||||||ger||||||| | ||
| LOK | |0 035 |a (DE-Tue135)IxTheo#2021-04-08#1895D284059C071B6D9C2FBEB7544218B1BA9F02 | ||
| LOK | |0 040 |a DE-Tue135 |c DE-627 |d DE-Tue135 | ||
| LOK | |0 092 |o n | ||
| LOK | |0 852 |a DE-Tue135 | ||
| LOK | |0 852 1 |9 00 | ||
| LOK | |0 935 |a ixzs |a zota | ||
| LOK | |0 936ln |0 1442043768 |a CB | ||
| LOK | |0 936ln |0 1442043911 |a CG | ||
| LOK | |0 936ln |0 144204893X |a KBM | ||
| LOK | |0 936ln |0 1442044640 |a KAJ | ||
| LOK | |0 939 |a 09-04-21 |b l01 | ||
| ORI | |a SA-MARC-ixtheoa001.raw | ||